00356nam a2200121Ia 4500008004100000020001500041082002000056100003800076245006200114250001600176260003300192300000900225210430s9999 xx 000 0 und d a0077079760 a543.0858 B212 F aColin N.Banwell, Elaine M. McCash aFundamentals of Molecular Spectroscopy /cColin N.Banwell a4th edition aNew DelhibMcGraw-Hillc1997 a308p